000 00380nam a2200145Ia 4500
008 230917s9999||||xx |||||||||||||| ||und||
040 _e132747
_aMAIN
041 _aEnglish
082 _a658.3 P215T
100 _aPareek, Udai
245 0 _aTraining instruments for human resource development
260 _aNew Delhi
_bTata McGraw-Hill
_c1997
300 _a636 p.
942 _cBK
999 _c102392
_d102392